| 000 | 02524nim a22004818i 4500 | ||
|---|---|---|---|
| 001 | blz00009690 | ||
| 003 | CtWfDGI | ||
| 005 | 20210428133953.0 | ||
| 007 | sd fsngnnmmned | ||
| 008 | 140402t20142014orunnnnj a n eng d | ||
| 020 | _a9781478902300 (library ed.) | ||
| 028 | 0 | 1 |
_aZ9690 _bBlackstone Audio |
| 040 |
_aCtWfDGI _beng _erda _cCtWfDGI |
||
| 043 | _aa-pk--- | ||
| 050 | 1 | 4 |
_aLC2330 _b.Y68 2014d |
| 082 | 0 | 4 |
_a954.9122092 _223 |
| 092 | _a92 | ||
| 098 | 1 | 4 |
_aZS _aYOUS _aIAM _aB 690 |
| 100 | 1 |
_aYousafzai, Malala, _d1997- _eauthor. _95696243 |
|
| 245 | 1 | 0 |
_aI am Malala _h[sound recording] : _bhow one girl stood up for education and changed the world / _cby Malala Yousafzai, with Patricia McCormick. |
| 250 | _aYoung readers edition, unabridged. | ||
| 264 | 1 |
_a[Ashland, Oregon] : _bBlackstone Audio, Inc. ; _aNew York, NY : _bHachette Audio, _c[2014] |
|
| 264 | 4 | _c℗2014 | |
| 300 |
_aaudio discs ( hr.) : _bdigital, CD audio ; _c4 3/4 in. |
||
| 336 | _aspoken word | ||
| 337 | _aaudio | ||
| 338 | _aaudio disc | ||
| 500 | _aIN PROCESS RECORD. | ||
| 500 | _aCompact discs. | ||
| 500 | _a"Tracks every 3 minutes for easy bookmarking"--Container. | ||
| 520 | _aI Am Malala is the memoir of a remarkable teenage girl who risked her life for the right to go to school. Raised in a changing Pakistan by an enlightened father from a poor background and a beautiful, illiterate mother from a political family, Malala was taught to stand up for what she believes. I Am Malala tells her story of bravery and determination in the face of extremism, detailing the daily challenges of growing up in a world transformed by terror. Written for her peers with critically acclaimed author Patricia McCormick, this important book is about the value of speaking out against intolerance and hate. It's a message of hope from one girl who dreams of education for every girl in every country. | ||
| 600 | 1 | 0 |
_aYousafzai, Malala, _d1997- _95696243 |
| 650 | 0 |
_aYoung women _xEducation _zPakistan _zSwāt District _vBiography. _96415306 |
|
| 650 | 0 |
_aYoung women _xCrimes against _zPakistan _zSwāt District _vBiography. _96415307 |
|
| 650 | 0 |
_aChildren's rights _zPakistan. _95724369 |
|
| 655 | 7 |
_aAudiobooks. _2lcgft _95891874 |
|
| 700 | 1 |
_aMcCormick, Patricia. _95891875 |
|
| 710 | 2 |
_aHachette Audio (Firm) _95695220 |
|
| 710 | 2 |
_aBlackstone Audio, Inc., _epublisher. _95686062 |
|
| 942 |
_cCD _2ddc |
||
| 945 | _c(OCoLC)0879328483 | ||
| 948 |
_a09/29/2014 _b12/17/2014 _zSirsi |
||
| 999 |
_c284744 _d284744 |
||